000 00471nam a2200181Ia 4500
005 20250508152316.0
008 008 250505s9999 xx 000 0 eng d
037 _aTextual
040 _aFEDL
_beng
_cFEDL
041 _aeng
_2eng
084 _a572, MOR
_qFEDL
100 _aMorgan Arthur E
_9125461
245 0 _aSearch for purpose
260 _aLondon, UK
_bWatts
_c1957
300 _avii,197p.
942 _cTEXL
_h572, MOR
999 _c1335642
_d1335642